| 000 | 00332nam a22001457a 4500 | ||
|---|---|---|---|
| 003 | SGT | ||
| 082 |
_a612.015 _bB15G |
||
| 100 | _aGUPTA, PREM PRAKASH | ||
| 245 | _aTB. OF BIOCHEMISTRY WITH BIOMEDICAL SIGNIFICANCE | ||
| 250 | _a2ND | ||
| 260 |
_aINDIA _bCBS _c2015 |
||
| 300 | _a883 | ||
| 650 | _aBIOCHEMISTRY | ||
| 942 |
_2ddc _cBK _04 |
||
| 999 |
_c14020 _d14020 |
||